| 000 | 01383cam a2200301 a 4500 | ||
|---|---|---|---|
| 001 | 1181209 | ||
| 005 | 20040707140204.0 | ||
| 008 | 970616s1998 nyuab |db 001 0 eng | ||
| 020 | _a0070194351 (alk. paper) | ||
| 040 |
_aDLC _cDLC _dDLC |
||
| 082 | 0 | 0 |
_a621.3121 _221 _bSTA |
| 245 | 0 | 0 |
_aStandard Handbook of Powerplant Engineering / _c[edited by] Thomas C. Elliott, Kao Chen, Robert C. Swanekamp. |
| 250 | _a2nd ed. | ||
| 260 |
_aNew York : _bMcGraw Hill, _cc1998. |
||
| 300 |
_a1 v. (various pagings) : _bill., maps ; _c24 cm. |
||
| 504 | _aIncludes bibliographical references and index. | ||
| 650 | 0 |
_aElectric power-plants. _928741 |
|
| 653 |
_bMec _bEle _cFebruary2012 |
||
| 700 | 1 |
_aElliott, Thomas C. _928742 |
|
| 700 | 1 |
_aChen, Kao, _d1919- _928743 |
|
| 700 | 1 |
_aSwanekamp, Robert C. _928744 |
|
| 856 | 4 | 2 |
_3Contributor biographical information _uhttp://www.loc.gov/catdir/bios/mh041/97026055.html |
| 856 | 4 | 2 |
_3Publisher description _uhttp://www.loc.gov/catdir/description/mh023/97026055.html |
| 856 | 4 | 1 |
_3Table of contents _uhttp://www.loc.gov/catdir/toc/mh022/97026055.html |
| 942 |
_2ddc _cBB |
||
| 999 |
_c16425 _d16425 |
||